000 00502nam a2200181Ia 4500
001 18791
003 IN-NITTTR
005 20251114233218.0
008 251113s9999||||xx |||||||||||||| ||eng||
040 _beng
040 _cIN-NITTTR
041 _aeng
082 _a006.6 B284I
100 _aBartels, Richard H.
245 3 _aAn introduction to splines for use in computer graphics and geometric modeling. /
_cBartels, Richard H., Beatty, John C.
700 _a Beatty, John C.
942 _2ddc
_cBK
999 _c21425
_d21425